000 00595nam a2200181Ia 4500
005 20240530110932.0
008 140319s1985 xx 000 0 ara d
040 _aGCL /
_cGCL
082 0 4 _a811.064 /
_bا ل
100 1 _aاحمد موسى عفيفى
245 1 0 _aالله حبيبى :
_bشعر /
_cاحمد موسى عفيفى
260 _aالقاهرة :
_bمطابع الطوبجى التجارية ،
_c1988
300 _a204 ص؛
_b20 سم
650 0 4 _aالشعر العربى
650 0 4 _aالعصر الحديث
942 _2ddc
_cBK
999 _c66661
_d66661